000 00665nam a2200181Ia 4500
008 100921s9999 xx 000 0 und d
082 _b15154
_a954 ढ 97
100 _aबापट नागेशराव विनायक.
245 _aपानिपतची मोहिम.
260 _bदामोदर सावळाराम आणि मंडळी,मुंबई.
_c1897
300 _a650
_b---
365 _b3.5
520 _aइतिहास-भारत.
630 _aपानिपतची मोहिम.
650 _aइतिहास-भारत.
730 _aपानिपतची मोहिम.
942 _cBOOK
999 _c764267
_d764264